Textbook of Biochemistry and Biophysics for Nurses (Record no. 9288)
[ view plain ]
| 000 -LEADER | |
|---|---|
| fixed length control field | 00525nam a22001577a 4500 |
| 008 - FIXED-LENGTH DATA ELEMENTS--GENERAL INFORMATION | |
| fixed length control field | 230216b |||||||| |||| 00| 0 eng d |
| 020 ## - INTERNATIONAL STANDARD BOOK NUMBER | |
| International Standard Book Number | 978-93-5465-576-0 |
| 082 ## - DEWEY DECIMAL CLASSIFICATION NUMBER | |
| Edition number | 2nd ed |
| Classification number | 540 |
| 100 ## - MAIN ENTRY--PERSONAL NAME | |
| Personal name | Suresh K Sharma |
| 245 ## - TITLE STATEMENT | |
| Title | Textbook of Biochemistry and Biophysics for Nurses |
| Remainder of title | As per the syllabus of Post Bsc Nursing of Indian Nursing Council |
| Statement of responsibility, etc. | Suresh K Sharma |
| 250 ## - EDITION STATEMENT | |
| Edition statement | 2nd ed |
| 260 ## - PUBLICATION, DISTRIBUTION, ETC. | |
| Place of publication, distribution, etc. | New Delhi, India |
| Name of publisher, distributor, etc. | Jaypee Brothers Medical Publishers |
| Date of publication, distribution, etc. | 2022 |
| 300 ## - PHYSICAL DESCRIPTION | |
| Extent | 322 p |
| Dimensions | 24.1cm |
| 942 ## - Added entry Elements (Koha) | |
| Source of classification or shelving scheme | Dewey Decimal Classification |
| Withdrawn status | Lost status | Source of classification or shelving scheme | Damaged status | Not for loan | Collection code | Home library | Current library | Shelving location | Date acquired | Serial Enumeration / chronology | Total Checkouts | Total Renewals | Full call number | Barcode | Date last seen | Date last checked out | Price effective from | Koha item type |
|---|---|---|---|---|---|---|---|---|---|---|---|---|---|---|---|---|---|---|
| Dewey Decimal Classification | Main TEST | RTC Library | RTC Library | Main opac | 16/02/2023 | 176911 | 2 | 2 | 540 SHA c.1 | 30018177 | 25/03/2026 | 05/02/2026 | 16/02/2023 | Main | ||||
| Dewey Decimal Classification | Main TEST | RTC Library | RTC Library | Main opac | 16/02/2023 | 176912 | 5 | 2 | 540 SHA c.2 | 30018123 | 13/04/2026 | 24/02/2026 | 16/02/2023 | Main | ||||
| Dewey Decimal Classification | Main TEST | RTC Library | RTC Library | Main opac | 16/02/2023 | 176913 | 2 | 4 | 540 SHA c.3 | 30018262 | 23/04/2026 | 24/03/2026 | 16/02/2023 | Main | ||||
| Dewey Decimal Classification | Main TEST | RTC Library | RTC Library | Main opac | 16/02/2023 | 176914 | 1 | 2 | 540 SHA c.4 | 30018104 | 17/04/2026 | 06/03/2026 | 16/02/2023 | Main |